00721nam a22002057a 4500003000500000005001700005008004100022010001000063011001000073035001000083040000900093100003600102245016300138260004000301300001000341502007600351650003100427650001800458650003900476CHAP20220329135506.0971013s1971 r 00010 d a37475 a38447 a42567 cCHAP00aOyarzábal-Tamargo, Francisco. aInvestigaciones preliminares en condiciones de invernadero para determinar el momento de riego por medio de la conductividad eléctrica medida en las plantas aChapingo, Méx. :bEl autor,c1971 a71 h. aTesis (M. C.) -- ENA. Colegio de Postgraduados. Rama de Riego y Drenaje14aConductividad eléctrica.14aIrrigación.14aPlantasxPropiedades eléctricas.